Central Library OPAC University of Rajshahi
Normal view MARC view

Entry Topical Term

Number of records used in: 1

001 - CONTROL NUMBER

  • control field: 6959

003 - CONTROL NUMBER IDENTIFIER

  • control field: BD-RjUL

005 - DATE AND TIME OF LATEST TRANSACTION

  • control field: 20230213103229.0

008 - FIXED-LENGTH DATA ELEMENTS

  • fixed length control field: 230213|| aca||aabn | a|a d

040 ## - CATALOGING SOURCE

  • Original cataloging agency: BD-RjUL
  • Transcribing agency: BD-RjUL

150 ## - HEADING--TOPICAL TERM

  • Topical term or geographic name entry element: Phytochemical
  • Form subdivision: Plants

670 ## - SOURCE DATA FOUND

  • Source citation: Work cat.: (BD-RjUL)81214: Habib, M. Rowshanul 6958, Phytochemical and Biological Syudies on the Plants Calotropis Giganta (Linn.) and Amoora Rohituka (Roxb.) /, 2013